000 00961nam a2200265Ia 4500
003 OSt
005 20220923211332.0
006 a|||||r|||| 00| 0
007 ta
008 220922b |||||||| |||| 00| 0 pan d
020 _a9788182991606 (hbk)
_c275
024 _a336,732
037 _bSP/5381, 17/03/2018, Star Publications (Pvt.) Ltd.
_cTextual
040 _aARTS
_cARTS
_bpan
041 _2pan
_apan
082 _aO153,6M92:g, Q7
100 _aਸਿੰਘ, ਮਨਜੀਤ, ਥਦ.
245 0 _aਬਾਣੀ
_b ਕੇ੍ਵਦਰ ਤੇ ਵਿਕੇ੍ਵਦਰ
260 _aਦਿੱਲੀ
_b ਆਰਸੀ ਪਬਲਿFਰਗ਼
_c2017
300 _a152ਪ0
_ccm.
650 _a ਪੰਜਾਬੀ ਨਿਬੰਧ
650 _aਪੰਜਾਬੀ ਸਾਹਿਤ
942 _hO153,6M92:g, Q7
_cTEXL
_2CC
999 _c298572
_d298572